| 000 | 00532nam a2200205Ia 4500 | ||
|---|---|---|---|
| 003 | OSt | ||
| 005 | 20230425153153.0 | ||
| 008 | 210423s1996 xx 000 0 und d | ||
| 040 | _cAL | ||
| 041 | _aeng | ||
| 082 | _a574.87 JAHJ | ||
| 100 |
_aJAHIER (Joseph);others. _992893 |
||
| 245 | _aTechniques of plant cytogenetics. | ||
| 260 |
_aNew Delhi _bOxford University Press _c1996 |
||
| 300 | _aviii,180 | ||
| 365 | _cINR | ||
| 650 |
_aCell Biology _992894 |
||
| 906 | _acytogenetics. ; plant ; Techniques | ||
| 942 |
_2ddc _cBK |
||
| 999 |
_c162688 _d162688 |
||